Countries of the World-Full Names! - Statistics

General Stats
  • This quiz has been taken 18 times
  • The average score is 72 of 196
Answers on the Map
Answers color-coded by a green-red scale on the quiz's map according to % correct below.
 
Answer Stats
Answer % Correct
United States of America
93%
Canada
71%
French Republic
64%
Russian Federation
64%
Kingdom of Denmark
57%
People's Republic of China
57%
Republic of Korea
57%
United Kingdom of Great Britain and Northern Ireland
57%
Commonwealth of Australia
50%
Dominican Republic
50%
Ireland
50%
Jamaica
50%
Japan
50%
Kingdom of Belgium
50%
Kingdom of Norway
50%
Kingdom of Spain
50%
Kingdom of Sweden
50%
Republic of China
50%
Romania
50%
United Mexican States
50%
Antigua and Barbuda
43%
Bolivarian Republic of Venezuela
43%
Bosnia and Herzegovina
43%
Central African Republic
43%
Czech Republic
43%
Democratic Republic of the Congo
43%
Federated States of Micronesia
43%
Georgia
43%
Hungary
43%
Islamic Republic of Iran
43%
Italian Republic
43%
Kingdom of Eswatini
43%
Kingdom of Lesotho
43%
Kingdom of Saudi Arabia
43%
Kingdom of Thailand
43%
Kingdom of the Netherlands
43%
Mongolia
43%
Montenegro
43%
New Zealand
43%
Republic of Albania
43%
Republic of Angola
43%
Republic of Armenia
43%
Republic of Austria
43%
Republic of Azerbaijan
43%
Republic of Belarus
43%
Republic of Botswana
43%
Republic of Bulgaria
43%
Republic of Chad
43%
Republic of Chile
43%
Republic of Croatia
43%
Republic of Cyprus
43%
Republic of Estonia
43%
Republic of Finland
43%
Republic of Iceland
43%
Republic of India
43%
Republic of Iraq
43%
Republic of Kazakhstan
43%
Republic of Kosovo
43%
Republic of Latvia
43%
Republic of Lithuania
43%
Republic of Madagascar
43%
Republic of Malawi
43%
Republic of Mali
43%
Republic of Moldova
43%
Republic of Mozambique
43%
Republic of Namibia
43%
Republic of Niger
43%
Republic of North Macedonia
43%
Republic of Poland
43%
Republic of Senegal
43%
Republic of Serbia
43%
Republic of Slovenia
43%
Republic of South Africa
43%
Republic of Tajikistan
43%
Republic of the Congo
43%
Republic of Uzbekistan
43%
Republic of Zambia
43%
Saint Vincent and the Grenadines
43%
Ukraine
43%
United Arab Emirates
43%
Argentine Republic
36%
Barbados
36%
Burkina Faso
36%
Democratic People's Republic of Korea
36%
Federal Republic of Germany
36%
Federative Republic of Brazil
36%
Grand Duchy of Luxembourg
36%
Grenada
36%
Hashemite Kingdom of Jordan
36%
Hellenic Republic
36%
Islamic Republic of Pakistan
36%
Kingdom of Bhutan
36%
Kingdom of Cambodia
36%
Kingdom of Morocco
36%
Kyrgyz Republic
36%
Malaysia
36%
Portuguese Republic
36%
Principality of Andorra
36%
Principality of Monaco
36%
Republic of Benin
36%
Republic of Burundi
36%
Republic of Cameroon
36%
Republic of Colombia
36%
Republic of Cote d'Ivoire
36%
Republic of Ecuador
36%
Republic of Equatorial Guinea
36%
Republic of Ghana
36%
Republic of Guatemala
36%
Republic of Guinea
36%
Republic of Haiti
36%
Republic of Honduras
36%
Republic of Indonesia
36%
Republic of Kenya
36%
Republic of Liberia
36%
Republic of Malta
36%
Republic of Nauru
36%
Republic of Palau
36%
Republic of Paraguay
36%
Republic of Peru
36%
Republic of Rwanda
36%
Republic of Sierra Leone
36%
Republic of Singapore
36%
Republic of South Sudan
36%
Republic of Sudan
36%
Republic of The Gambia
36%
Republic of the Philippines
36%
Republic of Trinidad and Tobago
36%
Republic of Uganda
36%
Republic of Vanuatu
36%
Republic of Zimbabwe
36%
Saint Lucia
36%
Slovak Republic
36%
Solomon Islands
36%
State of Israel
36%
Sultanate of Oman
36%
Swiss Confederation
36%
Turkmenistan
36%
Tuvalu
36%
Arab Republic of Egypt
29%
Belize
29%
Commonwealth of Dominica
29%
Commonwealth of the Bahamas
29%
Gabonese Republic
29%
Islamic Emirate of Afghanistan
29%
Islamic Republic of Mauritania
29%
Kingdom of Bahrain
29%
Kingdom of Tonga
29%
Oriental Republic of Uruguay
29%
People's Democratic Republic of Algeria
29%
Principality of Liechtenstein
29%
Republic Guinea Bissau
29%
Republic of Cabo Verde
29%
Republic of Costa Rica
29%
Republic of Cuba
29%
Republic of Djibouti
29%
Republic of El Salvador
29%
Republic of Fiji
29%
Republic of Kiribati
29%
Republic of Maldives
29%
Republic of Mauritius
29%
Republic of Nicaragua
29%
Republic of Panama
29%
Republic of Seychelles
29%
Republic of Suriname
29%
Republic of the Marshall Islands
29%
Republic of Tunisia
29%
Republic of Turkiye
29%
Republic of Yemen
29%
Socialist Republic of Vietnam
29%
Togolese Republic
29%
Co-operative Republic of Guyana
21%
Democratic Republic of Sao Tome and Príncipe
21%
Democratic Socialist Republic of Sri Lanka
21%
Federal Democratic Republic of Ethiopia
21%
Federal Democratic Republic of Nepal
21%
Federal Republic of Nigeria
21%
Federal Republic of Somalia
21%
Federation of Saint Christopher and Nevis
21%
Independent State of Papua New Guinea
21%
Independent State of Samoa
21%
Lao People's Democratic Republic
21%
Lebanese Republic
21%
People's Republic of Bangladesh
21%
Plurinational State of Bolivia
21%
Republic of San Marino
21%
Republic of the Union of Myanmar
21%
State of Eritrea
21%
State of Kuwait
21%
State of Libya
21%
State of Qatar
21%
Syrian Arab Republic
21%
Union of the Comoros
21%
United Republic of Tanzania
21%
Vatican City State
21%
Democratic Republic of Timor-Leste
14%
Negara Brunei Darussalam
7%
No matching quizzes found
Score Distribution
Percent of People with Each Score
Percentile by Number Answered
Your Score History
You have not taken this quiz